000 00652nam a2200193 i 4500
001 31143
003 ES-MaACL
005 20230906154324.0
007 t|
008 030128s1958 sp ||||1| spa d
100 1 _aBenabarre Mina, Esteban.
_927414
245 1 0 _areparación y ajuste de receptores /
_cpor Esteban Benabarre Mina.
260 _aBarcelona, etc. :
_bLabor,
_c1958 (
_fTall. Gráfs. Iberoamericanos)
300 _aX, 360 p. :
_bil., 1 gráf. pleg. ;
_c22 cm.
490 1 _aLa escuela del radiotécnico ;
_v10
830 0 _aLa escuela del radiotécnico ;
_v10
_9187079
852 _aES-MaACL
_jC-14093
_bR.41824
999 _c31143
_d31143